[Event "II Torneo C.V.A. A"]
[Site "Arvier ITA"]
[Date "2005.04.20"]
[Round "3"]
[White "Hecht, Hans-Joachim"]
[Black "Garcia Palermo, Carlos Horacio"]
[Result "0-1"]
[WhiteElo "2384"]
[BlackElo "2459"]
[PlyCount "84"]
[EventDate "2005.04.18"]

1. d4 Nf6 2. c4 e6 3. Nc3 Bb4 4. e3 O-O 5. Nge2 d5 6. a3 Bd6 7. c5 Be7 8. Nf4
c6 9. Nd3 b6 10. b4 a5 11. Bd2 Nbd7 12. Be2 Ba6 13. O-O Qc7 14. Qc2 bxc5 15.
bxc5 e5 16. f3 Rfe8 17. Be1 exd4 18. exd4 Nf8 19. Bg3 Qc8 20. Ne5 Nh5 21. Bxa6
Qxa6 22. Qf5 Nxg3 23. Qxf7+ Kh8 24. hxg3 Bxc5 25. dxc5 Rxe5 26. Rae1 Rxe1 27.
Rxe1 Qc4 28. Ne4 Qd4+ 29. Nf2 Qxc5 30. Re7 Qc1+ 31. Kh2 Qh6+ 32. Nh3 Qg6 33.
Qxg6 Nxg6 34. Rc7 Ne5 35. Nf2 a4 36. f4 Nc4 37. Rxc6 Nxa3 38. Nd3 Nc4 39. Nb4
a3 40. Rc5 Kg8 41. Na2 Ne3 42. Kg1 d4 0-1

[Event "II Torneo C.V.A. A"]
[Site "Arvier ITA"]
[Date "2005.04.20"]
[Round "3"]
[White "Karl, Hans"]
[Black "Sarno, Spartaco"]
[Result "1/2-1/2"]
[WhiteElo "2294"]
[BlackElo "2382"]
[PlyCount "37"]
[EventDate "2005.04.18"]

1. d4 Nf6 2. c4 g6 3. Nc3 Bg7 4. e4 d6 5. f3 O-O 6. Bg5 a6 7. Qd2 Nc6 8. Nge2
Rb8 9. d5 Na7 10. a4 c5 11. Nc1 e6 12. Be2 exd5 13. Nxd5 Nc6 14. Nb3 Be6 15.
O-O Bxd5 16. cxd5 Ne5 17. Kh1 Re8 18. Rfe1 Qb6 19. Na5 1/2-1/2

[Event "II Torneo C.V.A. A"]
[Site "Arvier ITA"]
[Date "2005.04.20"]
[Round "3"]
[White "Lattanzi, Domenico"]
[Black "De Leeuw, Johannes"]
[Result "0-1"]
[WhiteElo "1898"]
[BlackElo "1983"]
[PlyCount "84"]
[EventDate "2005.04.18"]

1. e4 e5 2. Nf3 Nc6 3. Bb5 a6 4. Ba4 Nf6 5. O-O Be7 6. Re1 b5 7. Bb3 d6 8. a4
Bg4 9. axb5 axb5 10. Rxa8 Qxa8 11. c3 O-O 12. Na3 Na5 13. Bc2 c6 14. d4 Qb8 15.
b4 Nb7 16. Qd3 Nd8 17. d5 Bd7 18. Bg5 h6 19. Bh4 Re8 20. Rd1 g5 21. Bg3 cxd5
22. Nd2 Qb7 23. Qe2 Bg4 24. f3 Bd7 25. exd5 Qa7+ 26. Kh1 Qxa3 27. Ne4 Nxe4 28.
Qxe4 f5 29. Qe3 Nf7 30. Bf2 Qa6 31. g4 Qc8 32. Qd3 e4 33. fxe4 Ne5 34. Qh3 Nxg4
35. Bd4 Bf6 36. Qh5 Bxd4 37. exf5 Nf2+ 38. Kg2 Qxc3 39. Qg6+ Bg7 40. f6 Qxf6
41. Qh7+ Kf8 42. Rf1 Bh3+ 0-1

[Event "II Torneo C.V.A. A"]
[Site "Arvier ITA"]
[Date "2005.04.20"]
[Round "3"]
[White "Ortega, Lexy"]
[Black "Bjarnason, Oskar"]
[Result "1-0"]
[WhiteElo "2439"]
[BlackElo "2256"]
[PlyCount "65"]
[EventDate "2005.04.18"]

1. d4 d5 2. c4 c6 3. Nc3 Nf6 4. e3 a6 5. Qc2 e6 6. b3 c5 7. dxc5 dxc4 8. Bxc4
Bxc5 9. Bb2 b5 10. Rd1 Qe7 11. Bd3 Bb7 12. Nf3 Nc6 13. Qb1 Nb4 14. Be4 Nxe4 15.
Nxe4 O-O 16. a3 Bxe4 17. Qxe4 f5 18. Qb1 Nd5 19. b4 Bd6 20. O-O a5 21. bxa5
Bxa3 22. Nd4 b4 23. Nxf5 Rxf5 24. e4 Rh5 25. exd5 Rxd5 26. Rxd5 exd5 27. Re1
Qc5 28. Ba1 Qxa5 29. Re7 Ra7 30. Qe1 h6 31. Qe6+ Kh7 32. Qf5+ Kg8 33. Re8# 1-0

[Event "II Torneo C.V.A. A"]
[Site "Arvier ITA"]
[Date "2005.04.20"]
[Round "3"]
[White "Papale, Carmelo"]
[Black "Straub, Peter"]
[Result "1/2-1/2"]
[WhiteElo "1955"]
[BlackElo "2112"]
[PlyCount "143"]
[EventDate "2005.04.18"]

1. e4 c5 2. Nf3 e6 3. d4 cxd4 4. Nxd4 a6 5. Be2 Bc5 6. O-O Nc6 7. Nxc6 bxc6 8.
c4 e5 9. Nc3 d6 10. Qd3 Nf6 11. Bg5 h6 12. Be3 Bxe3 13. Qxe3 Qc7 14. Rfd1 Be6
15. Rd2 O-O 16. Rad1 Rfd8 17. b3 Rd7 18. Bf3 Rad8 19. Na4 c5 20. h3 Kh7 21. Kh2
g5 22. Nc3 Rf8 23. Ne2 Ne8 24. Ng3 Ng7 25. Rd3 Rfd8 26. Qd2 Kg8 27. Qe2 Rf8 28.
Bg4 a5 29. Nf5 Bxf5 30. Bxf5 Nxf5 31. exf5 Kg7 32. Rxd6 e4 33. Qxe4 Rfd8 34.
Qe5+ Kg8 35. Rg6+ fxg6 36. Qxc7 Rxc7 37. Rxd8+ Kg7 38. fxg6 a4 39. Rd6 axb3 40.
axb3 Rb7 41. Rc6 Rxb3 42. Rxc5 Kxg6 43. f3 h5 44. Rc8 h4 45. c5 Rc3 46. c6 Rc1
47. c7 Kg7 48. g3 Rc2+ 49. Kg1 hxg3 50. Rd8 Rxc7 51. Kg2 Rc4 52. Kxg3 Kg6 53.
Rd5 Kf6 54. Ra5 Rf4 55. Ra8 Rb4 56. Re8 Kf5 57. Re4 Rb3 58. h4 gxh4+ 59. Rxh4
Ra3 60. Rh5+ Kf6 61. Kg4 Ra4+ 62. f4 Kg6 63. Rb5 Ra6 64. Rb8 Kf6 65. Rf8+ Kg7
66. Re8 Kf6 67. Rc8 Rb6 68. Rc5 Ra6 69. Rc4 Rb6 70. f5 Ra6 71. Re4 Rb6 72. Re8
1/2-1/2

[Event "II Torneo C.V.A. A"]
[Site "Arvier ITA"]
[Date "2005.04.20"]
[Round "3"]
[White "Pegoraro, Nicola"]
[Black "Bettera, Roberto"]
[Result "0-1"]
[WhiteElo "2082"]
[BlackElo "1892"]
[PlyCount "64"]
[EventDate "2005.04.18"]

1. e4 e5 2. Nf3 Nc6 3. d4 exd4 4. Bc4 Bc5 5. c3 d3 6. b4 Bb6 7. a4 a6 8. Qxd3
d6 9. O-O Nf6 10. Bg5 h6 11. Bh4 Bg4 12. a5 Ba7 13. b5 axb5 14. Bxb5 Bd7 15.
Bxc6 Bxc6 16. Nd4 Bd7 17. Nd2 O-O 18. Kh1 g5 19. Bg3 Ng4 20. f4 gxf4 21. Bxf4
Qh4 22. Bg3 Qg5 23. Rf3 Kh8 24. Bf4 Qg6 25. Raf1 Bc5 26. Rg3 Qh7 27. N2b3 Ba7
28. h3 Nf6 29. Nf5 Nxe4 30. Qxe4 Bxf5 31. Qf3 Be4 32. Qh5 Rg8 0-1

[Event "II Torneo C.V.A. A"]
[Site "Arvier ITA"]
[Date "2005.04.20"]
[Round "3"]
[White "Rombaldoni, Axel"]
[Black "Orfali, Marcelo Rafael"]
[Result "1-0"]
[WhiteElo "2147"]
[BlackElo "2041"]
[PlyCount "109"]
[EventDate "2005.04.18"]

1. e4 c6 2. d4 d5 3. e5 Bf5 4. Nd2 h6 5. Nb3 e6 6. Nf3 Nd7 7. Be2 c5 8. dxc5
Nxc5 9. Nxc5 Bxc5 10. Bb5+ Kf8 11. O-O Ne7 12. c3 a6 13. Be2 Nc6 14. Bf4 g5 15.
Bg3 h5 16. h4 gxh4 17. Nxh4 Qg5 18. Kh2 Ne7 19. Qc1 Qg7 20. c4 d4 21. b4 Bb6
22. Bf3 Ng6 23. Bxb7 Ra7 24. c5 Bc7 25. c6 Nxh4 26. Bxh4 Be4 27. Qg5 Qxg5 28.
Bxg5 Rg8 29. f4 f6 30. Rae1 Bd5 31. Bh6+ Kf7 32. exf6 Rxg2+ 33. Kh3 Rxa2 34.
Rg1 Kxf6 35. Bg7+ Kf5 36. Be5 Ra3+ 37. Rg3 Rxg3+ 38. Kxg3 h4+ 39. Kh3 Bxe5 40.
Rxe5+ Kxf4 41. Rxd5 exd5 42. c7 Rxb7 43. c8=Q Rf7 44. Qxa6 Ke5 45. Qe2+ Kd6 46.
Qd2 Ke5 47. b5 Rb7 48. Kxh4 Kd6 49. Qb4+ Ke5 50. Kg3 Ke4 51. Kf2 Kd3 52. Qb3+
Ke4 53. Ke2 Ke5 54. Qb4 Ke4 55. b6 1-0

[Event "II Torneo C.V.A. A"]
[Site "Arvier ITA"]
[Date "2005.04.20"]
[Round "3"]
[White "Rombaldoni, Denis"]
[Black "Beccaris, Gabriele"]
[Result "1-0"]
[WhiteElo "2336"]
[BlackElo "2091"]
[PlyCount "85"]
[EventDate "2005.04.18"]

1. d4 Nf6 2. c4 e6 3. Nf3 c5 4. d5 exd5 5. cxd5 d6 6. Nc3 g6 7. Bg5 Bg7 8. e3
O-O 9. Be2 Bg4 10. Nd2 Bxe2 11. Qxe2 Qd7 12. Rd1 Na6 13. O-O Nc7 14. a4 a6 15.
Nc4 Rad8 16. Qf3 Qf5 17. Qxf5 gxf5 18. a5 Nb5 19. Ne2 Rd7 20. Bxf6 Bxf6 21. Ng3
f4 22. Nh5 Bg5 23. exf4 Bd8 24. Rfe1 Nd4 25. Re3 f5 26. Rg3+ Kh8 27. Re1 Rg8
28. Rh3 h6 29. Kf1 Kh7 30. Ng3 Rg4 31. f3 Rxf4 32. Nb6 Rf7 33. Re8 Bg5 34. Nh5
Rh4 35. Rxh4 Bxh4 36. Nc8 Rd7 37. Nf4 Rd8 38. Rxd8 Bxd8 39. Ne6 Bxa5 40. Nxd6
b5 41. Nxd4 cxd4 42. Nb7 Bb4 43. d6 1-0

[Event "II Torneo C.V.A. A"]
[Site "Arvier ITA"]
[Date "2005.04.20"]
[Round "3"]
[White "Rossi, Aldo A."]
[Black "Bisignano, Giuseppe"]
[Result "1-0"]
[WhiteElo "2108"]
[BlackElo "1956"]
[PlyCount "59"]
[EventDate "2005.04.18"]

1. d4 Nf6 2. Nf3 d6 3. h3 c5 4. c3 cxd4 5. cxd4 b6 6. Bf4 Bb7 7. e3 Nbd7 8. Be2
e6 9. Nc3 Be7 10. O-O O-O 11. Re1 Rc8 12. Bh2 Ne4 13. Rc1 Nxc3 14. bxc3 d5 15.
Qb3 a6 16. a4 b5 17. axb5 a5 18. Ra1 Ra8 19. b6 Qxb6 20. Qxb6 Nxb6 21. Rab1 Bd8
22. Bd6 a4 23. Bc5 a3 24. Bxb6 Bxb6 25. Rxb6 a2 26. Ra1 Ra7 27. Ne5 Rc8 28. Rb2
Rca8 29. Nd3 Bc6 30. Nb4 1-0

[Event "II Torneo C.V.A. A"]
[Site "Arvier ITA"]
[Date "2005.04.20"]
[Round "3"]
[White "Rossi, Giampiero"]
[Black "Siegmund, Rainer"]
[Result "1/2-1/2"]
[WhiteElo "2030"]
[BlackElo "2149"]
[PlyCount "48"]
[EventDate "2005.04.18"]

1. d4 Nf6 2. c4 e6 3. Nc3 Bb4 4. Qc2 O-O 5. a3 Bxc3+ 6. Qxc3 b6 7. f3 d5 8. Bg5
h6 9. Bh4 Bb7 10. e3 Nbd7 11. cxd5 Nxd5 12. Bxd8 Nxc3 13. Bh4 Nd5 14. Bf2 c5
15. Bb5 Rfd8 16. Ne2 cxd4 17. Nxd4 Rac8 18. O-O a6 19. Bxd7 Rxd7 20. Rfc1 Rdc7
21. Rxc7 Rxc7 22. e4 Nf4 23. Bg3 Rd7 24. Bxf4 Rxd4 1/2-1/2

[Event "II Torneo C.V.A. A"]
[Site "Arvier ITA"]
[Date "2005.04.20"]
[Round "3"]
[White "Virzi, Ettore"]
[Black "Dvirnyy, Danyyil"]
[Result "0-1"]
[WhiteElo "1972"]
[BlackElo "2120"]
[PlyCount "54"]
[EventDate "2005.04.18"]

1. e4 c5 2. Nf3 d6 3. d4 cxd4 4. Nxd4 Nf6 5. Nc3 g6 6. Be3 Bg7 7. f3 O-O 8. Qd2
Nc6 9. O-O-O Bd7 10. g4 Rc8 11. h4 Ne5 12. Kb1 Qa5 13. Nd5 Qxd2 14. Nxe7+ Kh8
15. Rxd2 Rce8 16. g5 Rxe7 17. gxf6 Bxf6 18. Bh6 Rc8 19. Bg5 Kg7 20. Bxf6+ Kxf6
21. Nb5 Bxb5 22. Bxb5 Kg7 23. f4 Nc4 24. Bxc4 Rxc4 25. Rxd6 Rcxe4 26. Rf1 Rxf4
27. Rh1 Rxh4 0-1

[Event "II Torneo C.V.A. A"]
[Site "Arvier ITA"]
[Date "2005.04.20"]
[Round "3"]
[White "Vocaturo, Daniele"]
[Black "Abergel, Thal"]
[Result "1-0"]
[WhiteElo "2303"]
[BlackElo "2456"]
[PlyCount "59"]
[EventDate "2005.04.18"]

1. e4 c5 2. Nf3 Nc6 3. d4 cxd4 4. Nxd4 Nf6 5. Nc3 d6 6. Bg5 e6 7. Qd2 h6 8. Be3
Ng4 9. O-O-O Nxe3 10. Qxe3 a6 11. f4 Be7 12. g3 O-O 13. h4 Nxd4 14. Qxd4 Qa5
15. Bg2 b5 16. e5 d5 17. f5 b4 18. f6 Bc5 19. Qg4 g6 20. Qf4 Kh7 21. Ne4 dxe4
22. Bxe4 b3 23. a4 bxc2 24. Rd3 Rb8 25. h5 Qb6 26. hxg6+ Kg8 27. b3 Bb7 28.
Qxh6 Ba3+ 29. Kxc2 Qc7+ 30. Kb1 1-0

[Event "II Torneo C.V.A. A"]
[Site "Arvier ITA"]
[Date "2005.04.20"]
[Round "3"]
[White "Vrban, Damir"]
[Black "Malano, Francesco"]
[Result "1/2-1/2"]
[WhiteElo "2131"]
[BlackElo "2026"]
[PlyCount "88"]
[EventDate "2005.04.18"]

1. g3 d5 2. Bg2 Nf6 3. f4 Bf5 4. Nf3 e6 5. d3 Be7 6. O-O h6 7. Qe1 Na6 8. h3
Nb4 9. Na3 c5 10. Ne5 Rb8 11. c3 Na6 12. e4 Bh7 13. g4 O-O 14. f5 Nc7 15. Nc2
Nd7 16. Nf3 exf5 17. exf5 Bd6 18. Qf2 Re8 19. Be3 b6 20. a4 a6 21. b4 Qf6 22.
d4 c4 23. Qd2 Re7 24. Rae1 Rbe8 25. Ng5 Bg3 26. Nxh7 Kxh7 27. Bf2 Qg5 28. Qxg5
Bxf2+ 29. Kxf2 hxg5 30. Rxe7 Rxe7 31. Re1 Rxe1 32. Nxe1 Kg8 33. Ke3 Kf8 34. Nf3
f6 35. h4 gxh4 36. Nxh4 Ke7 37. Ng6+ Kd6 38. Bf3 Nb8 39. Bd1 Nc6 40. Kf4 Ne7
41. Nh4 Ng8 42. Bc2 Nh6 43. Nf3 Nf7 44. g5 Nd8 1/2-1/2

[Event "II Torneo C.V.A. A"]
[Site "Arvier ITA"]
[Date "2005.04.20"]
[Round "3"]
[White "Ziltener, Werner"]
[Black "Hansen, Henrik Damgaard"]
[Result "1-0"]
[WhiteElo "2095"]
[BlackElo "1909"]
[PlyCount "73"]
[EventDate "2005.04.18"]

1. d4 Nf6 2. c4 c5 3. d5 e6 4. Nc3 exd5 5. cxd5 d6 6. Nf3 Bg4 7. Nd2 a6 8. a4
g6 9. f3 Bc8 10. e4 Nbd7 11. Nc4 Nb6 12. Na3 Bd7 13. Be2 Bg7 14. Bf4 Nc8 15.
Nc4 Qe7 16. Qb3 Ra7 17. Nb6 Qd8 18. Nxc8 Bxc8 19. a5 Ke7 20. O-O Nd7 21. Bg5+
f6 22. Bh4 b5 23. axb6 Qxb6 24. Qxb6 Nxb6 25. f4 Bb7 26. Nb5 Raa8 27. Nc7 Ra7
28. Ne6 Rg8 29. Nxg7 Rxg7 30. Bf3 g5 31. fxg5 fxg5 32. Bg3 Nd7 33. Bh5 Ra8 34.
Rad1 Rf8 35. Rxf8 Kxf8 36. Bxd6+ Kg8 37. e5 1-0

[Event "II Torneo C.V.A. A"]
[Site "Arvier ITA"]
[Date "2005.04.20"]
[Round "4"]
[White "Abergel, Thal"]
[Black "Corke, Anya S."]
[Result "1/2-1/2"]
[WhiteElo "2456"]
[BlackElo "2138"]
[PlyCount "120"]
[EventDate "2005.04.18"]

1. e4 c5 2. Nf3 e6 3. d3 d6 4. g3 b6 5. Bg2 Bb7 6. O-O Nf6 7. c3 Be7 8. Nbd2
Nbd7 9. Re1 Qc7 10. Qe2 Rc8 11. d4 cxd4 12. Nxd4 O-O 13. c4 Qb8 14. b3 Rfe8 15.
Bb2 Bf8 16. Nb1 a6 17. Nc3 Qa8 18. Rad1 Nc5 19. f3 Qb8 20. Nc2 Ba8 21. Ne3 Rcd8
22. Qf1 b5 23. cxb5 d5 24. exd5 exd5 25. Nf5 Rxe1 26. Qxe1 axb5 27. Nd4 b4 28.
Ncb5 Qb6 29. Kh1 Bb7 30. Qd2 Ba6 31. Bf1 Rb8 32. Re1 Ncd7 33. Rc1 Bc5 34. Re1
h6 35. Qf4 Rc8 36. Qd2 Rb8 37. Bd3 Bf8 38. Rc1 Bc5 39. Re1 Bf8 40. Ba1 Nc5 41.
Bf1 Ncd7 42. Bb2 Bc5 43. Ra1 Bf8 44. a4 bxa3 45. Bxa3 Bxb5 46. Bxb5 Bc5 47.
Bxc5 Nxc5 48. Ba4 Ra8 49. Rc1 Nxa4 50. bxa4 Qa6 51. Ra1 Nd7 52. a5 Ne5 53. Nf5
Qf6 54. Qxd5 Rd8 55. Qe4 Nxf3 56. Rf1 Nd2 57. Ne7+ Kf8 58. Ng6+ Kg8 59. Ne7+
Kf8 60. Ng6+ Kg8 1/2-1/2

[Event "II Torneo C.V.A. A"]
[Site "Arvier ITA"]
[Date "2005.04.20"]
[Round "4"]
[White "Antoniacci, Riccardo"]
[Black "Turino, Luca"]
[Result "1-0"]
[WhiteElo "1997"]
[BlackElo "1694"]
[PlyCount "131"]
[EventDate "2005.04.18"]

1. e4 e5 2. Nc3 Nc6 3. f4 exf4 4. d4 Qh4+ 5. Ke2 g5 6. Nf3 Qh5 7. Nd5 Kd8 8.
Kf2 d6 9. Be2 Qg6 10. Bd3 Qg7 11. c3 Nge7 12. Qa4 a6 13. Re1 Be6 14. Nb4 g4 15.
Nxc6+ bxc6 16. Ng1 g3+ 17. hxg3 Qxg3+ 18. Ke2 Qxg2+ 19. Kd1 Bg4+ 20. Ne2 f3 21.
Be3 fxe2+ 22. Kd2 Bd7 23. Rxe2 Qh3 24. Qb3 Bc8 25. Qxf7 Bh6 26. Rae1 Bxe3+ 27.
Rxe3 Qe6 28. Qg7 Rg8 29. Qxh7 Qxa2 30. Kc1 Rb8 31. R3e2 Bg4 32. Rg2 Be6 33. Rf2
Qa1+ 34. Bb1 Ba2 35. e5 Bxb1 36. Qxb1 Qxb1+ 37. Kxb1 Ke8 38. Rfe2 d5 39. Rf2
Kd7 40. Ref1 Rg6 41. Kc2 Rbg8 42. Kb3 Rg2 43. Kb4 Rxf2 44. Rxf2 Rb8+ 45. Ka5
Rb6 46. b4 Rb8 47. Rf3 Ke6 48. Rf6+ Kd7 49. Rf3 Rg8 50. Kxa6 Rg2 51. Kb7 Rg6
52. Kb8 Rg8+ 53. Kb7 Rg7 54. Kb8 Nc8 55. e6+ Kxe6 56. Kxc8 Rh7 57. Kd8 Rd7+ 58.
Kc8 Rh7 59. Rg3 Rf7 60. Rg6+ Kf5 61. Rxc6 Ke4 62. Rxc7 Rf6 63. b5 Rb6 64. Rb7
Rd6 65. Rc7 Rb6 66. Rc5 1-0

[Event "II Torneo C.V.A. A"]
[Site "Arvier ITA"]
[Date "2005.04.20"]
[Round "4"]
[White "Battistella, Stefano"]
[Black "Traversi, Carlo"]
[Result "1-0"]
[WhiteElo "2055"]
[BlackElo "1820"]
[PlyCount "126"]
[EventDate "2005.04.18"]

1. b3 d5 2. Bb2 Nf6 3. Nf3 Bg4 4. e3 e6 5. h3 Bh5 6. Be2 Nc6 7. d3 Bxf3 8. Bxf3
Be7 9. Nd2 Qd7 10. d4 a5 11. a3 Na7 12. O-O O-O 13. c4 Rab8 14. Qe2 c6 15. Bc3
Qd8 16. b4 axb4 17. axb4 Nc8 18. c5 Re8 19. g3 Bf8 20. Bg2 Ne7 21. Ra7 Nc8 22.
Ra2 Ne7 23. Rfa1 Ng6 24. f4 h6 25. Kh2 Qc7 26. Ra7 Ne7 27. b5 Qd7 28. Rb1 cxb5
29. Qxb5 Nc6 30. Rxb7 Rxb7 31. Qxb7 Rc8 32. Qxd7 Nxd7 33. Rb7 Ndb8 34. e4 dxe4
35. Nxe4 Rd8 36. Nf2 Ne7 37. Ba5 Rc8 38. Rb1 Nbc6 39. Bc3 Rd8 40. Rd1 g6 41.
Ne4 Bg7 42. Nd6 Ra8 43. Nc4 Ra4 44. Nb6 Ra3 45. Ba1 Rb3 46. d5 exd5 47. Bxg7
Kxg7 48. Nxd5 Nxd5 49. Bxd5 Rc3 50. Bxc6 Rxc5 51. Be4 Rc7 52. Kg2 Re7 53. Bf3
Ra7 54. Rd2 f6 55. Rb2 Ra6 56. Rb7+ Kh8 57. h4 h5 58. f5 gxf5 59. Bxh5 Ra4 60.
Kf3 Ra3+ 61. Kf4 Ra1 62. Kxf5 Rg1 63. g4 Rh1 1-0

[Event "II Torneo C.V.A. A"]
[Site "Arvier ITA"]
[Date "2005.04.20"]
[Round "4"]
[White "Beccaris, Gabriele"]
[Black "Papale, Carmelo"]
[Result "0-1"]
[WhiteElo "2091"]
[BlackElo "1955"]
[PlyCount "58"]
[EventDate "2005.04.18"]

1. e4 c5 2. c3 e6 3. d4 cxd4 4. cxd4 Nf6 5. Nc3 Bb4 6. Bd3 Nc6 7. Nf3 d5 8. e5
Ne4 9. Qc2 Qa5 10. Bd2 Nxd2 11. Qxd2 Bd7 12. O-O Rc8 13. Rac1 a6 14. Qg5 Ne7
15. Qxg7 Rg8 16. Qxh7 Bxc3 17. bxc3 Rxc3 18. Rxc3 Qxc3 19. h4 b5 20. h5 b4 21.
h6 Kf8 22. Bxa6 Nf5 23. Rb1 Ba4 24. Ne1 Qxd4 25. Bd3 Nh4 26. Bc2 Bb5 27. a3 Qg4
28. g3 Qe2 29. Nd3 Rxg3+ 0-1

[Event "II Torneo C.V.A. A"]
[Site "Arvier ITA"]
[Date "2005.04.20"]
[Round "4"]
[White "Bettera, Roberto"]
[Black "Karl, Hans"]
[Result "0-1"]
[WhiteElo "1892"]
[BlackElo "2294"]
[PlyCount "84"]
[EventDate "2005.04.18"]

1. d4 d5 2. Nf3 e6 3. e3 Nf6 4. Bd3 Nbd7 5. c3 Bd6 6. Nbd2 e5 7. dxe5 Nxe5 8.
Nxe5 Bxe5 9. Nf3 Bd6 10. Qc2 O-O 11. Ng5 h6 12. Nf3 Qe7 13. O-O c6 14. Bd2 Bg4
15. Nd4 Ne4 16. h3 Bd7 17. Bxe4 dxe4 18. Ne2 Rae8 19. c4 Qg5 20. f4 exf3 21.
Rxf3 Re7 22. Re1 Rfe8 23. Nd4 Qe5 24. Bc3 Qh2+ 25. Kf2 Re4 26. Qb1 Bc7 27. c5
Bd8 28. Rg1 Bh4+ 29. Ke2 Bg5 30. Nc2 Be6 31. b3 Bd5 32. Bd2 R4e5 33. Nd4 R5e7
34. Nf5 Bxf3+ 35. Kxf3 Re6 36. Rh1 Qe5 37. g4 Qd5+ 38. Ke2 Qg2+ 39. Kd3 g6 40.
Nd6 Qd5+ 41. Kc2 Qxc5+ 42. Nc4 b5 0-1

[Event "II Torneo C.V.A. A"]
[Site "Arvier ITA"]
[Date "2005.04.20"]
[Round "4"]
[White "Bjarnason, Oskar"]
[Black "Rossi, Aldo A."]
[Result "0-1"]
[WhiteElo "2256"]
[BlackElo "2108"]
[PlyCount "72"]
[EventDate "2005.04.18"]

1. e4 c5 2. Nf3 d6 3. d4 cxd4 4. Nxd4 Nf6 5. Nc3 g6 6. Be3 Bg7 7. f3 Nc6 8. Qd2
O-O 9. O-O-O d5 10. exd5 Nxd5 11. Nxc6 bxc6 12. Bd4 e5 13. Bc5 Re8 14. h4 Be6
15. Ne4 Qc7 16. h5 Red8 17. hxg6 hxg6 18. c4 Bf5 19. Ng5 Rab8 20. Qf2 Nc3 21.
Rxd8+ Qxd8 22. Qd2 Nxa2+ 23. Kd1 Qxd2+ 24. Kxd2 Rxb2+ 25. Ke3 Nc3 26. Ne4 Nd1+
27. Kd3 Bxe4+ 28. fxe4 Bf8 29. Bxf8 Nf2+ 30. Kc3 Nxh1 31. Kxb2 Kxf8 32. Bd3 Nf2
33. Bc2 Ke7 34. Kb3 Ng4 35. Bd3 Kd6 36. Kb4 a5+ 0-1

[Event "II Torneo C.V.A. A"]
[Site "Arvier ITA"]
[Date "2005.04.20"]
[Round "4"]
[White "Bonafede, Alessandro"]
[Black "Bondielli, Giorgio"]
[Result "1/2-1/2"]
[WhiteElo "2095"]
[BlackElo "1976"]
[PlyCount "62"]
[EventDate "2005.04.18"]

1. e4 e5 2. Nf3 Nf6 3. Nxe5 d6 4. Nf3 Nxe4 5. Nc3 Nxc3 6. dxc3 Be7 7. Bf4 Bg4
8. Be2 Nc6 9. Qd2 Qd7 10. O-O-O a6 11. h3 Bf5 12. Rhe1 O-O-O 13. Nd4 Nxd4 14.
Qxd4 Bf6 15. Qb4 Rhe8 16. g4 Re4 17. c4 Rxf4 18. gxf5 Qc6 19. Bd3 Kb8 20. Re2
Ka7 21. Rde1 Bh4 22. Be4 Qb6 23. Qxb6+ Kxb6 24. Rf1 Re8 25. f3 Rxf5 26. Bxf5
Rxe2 27. Bxh7 Rh2 28. Bg8 Rxh3 29. Bxf7 Rh2 30. Bg6 Rf2 31. Rxf2 Bxf2 1/2-1/2

[Event "II Torneo C.V.A. A"]
[Site "Arvier ITA"]
[Date "2005.04.20"]
[Round "4"]
[White "De Leeuw, Johannes"]
[Black "Vrban, Damir"]
[Result "0-1"]
[WhiteElo "1983"]
[BlackElo "2131"]
[PlyCount "120"]
[EventDate "2005.04.18"]

1. e4 Nf6 2. Nc3 e5 3. Nf3 Bb4 4. a3 Ba5 5. Bc4 O-O 6. b4 Bb6 7. O-O d6 8. d3
c6 9. Ne2 h6 10. Ng3 Be6 11. Ba2 Nbd7 12. c3 d5 13. Qe2 Bc7 14. c4 Re8 15. Rb1
b5 16. cxd5 cxd5 17. Bb3 Bd6 18. Bd2 Bf8 19. Rfc1 a5 20. Rc2 axb4 21. Bxb4 Bxb4
22. axb4 Qe7 23. Rcb2 g6 24. h3 d4 25. Bxe6 Qxe6 26. Nd2 Rec8 27. Nb3 Rc3 28.
Na5 Nb6 29. Qd2 Na4 30. Rc2 Kg7 31. Ne2 Rxc2 32. Qxc2 Rc8 33. Qd2 Nd7 34. Kh2
Ndb6 35. f4 Nc3 36. Rf1 Nxe2 37. f5 gxf5 38. exf5 Ng3 39. Kxg3 Qf6 40. Nb7 Nd5
41. Kh2 Ne3 42. Rf2 Rc2 43. Qe1 Rxf2 44. Qxf2 Qxf5 45. Qxf5 Nxf5 46. g4 Ne7 47.
Nd6 Nd5 48. Nxb5 Nxb4 49. Kg3 Nxd3 50. Kf3 Nc5 51. h4 h5 52. g5 f6 53. Nd6 fxg5
54. hxg5 Kg6 55. Nc4 Kf5 56. g6 e4+ 57. Kg3 Kxg6 58. Kf4 e3 59. Ne5+ Kf6 60.
Nf3 Nb3 0-1

[Event "II Torneo C.V.A. A"]
[Site "Arvier ITA"]
[Date "2005.04.20"]
[Round "4"]
[White "Didoni, Renato"]
[Black "Lattanzi, Domenico"]
[Result "1-0"]
[WhiteElo "2060"]
[BlackElo "1898"]
[PlyCount "77"]
[EventDate "2005.04.18"]

1. Nf3 Nf6 2. d4 d5 3. h3 g6 4. c3 Bg7 5. Bf4 c6 6. e3 Qb6 7. Qc1 Be6 8. Bd3
Nbd7 9. Nbd2 c5 10. Ng5 c4 11. Bc2 O-O 12. O-O Qc6 13. Re1 b5 14. Nxe6 Qxe6 15.
e4 Qc6 16. exd5 Nxd5 17. Be4 N7b6 18. Nf3 a5 19. a3 f5 20. Bxd5+ Nxd5 21. Ng5
b4 22. Ne6 Rfc8 23. Nxg7 Kxg7 24. Be5+ Nf6 25. axb4 axb4 26. Qf4 b3 27. Rad1
Ra2 28. Rd2 Rca8 29. d5 Qa6 30. d6 Ra1 31. Rxa1 Qxa1+ 32. Kh2 Re8 33. Qd4 Qa6
34. d7 Rd8 35. Qc5 Kf7 36. Bxf6 Kxf6 37. Qc7 Qa8 38. g3 Kg7 39. Qxc4 1-0

[Event "II Torneo C.V.A. A"]
[Site "Arvier ITA"]
[Date "2005.04.20"]
[Round "4"]
[White "Dvirnyy, Danyyil"]
[Black "Hecht, Hans-Joachim"]
[Result "0-1"]
[WhiteElo "2120"]
[BlackElo "2384"]
[PlyCount "76"]
[EventDate "2005.04.18"]

1. e4 e6 2. d4 d5 3. e5 c5 4. c3 Nc6 5. Nf3 Bd7 6. Bd3 cxd4 7. cxd4 Qb6 8. O-O
Nxd4 9. Nxd4 Qxd4 10. Nc3 a6 11. Qe2 Ne7 12. Kh1 Rc8 13. f4 Qb6 14. Be3 d4 15.
Ne4 Nf5 16. Bg1 Be7 17. Nf6+ gxf6 18. exf6 Bxf6 19. Bxf5 Bb5 20. Bd3 Bxd3 21.
Qxd3 Qxb2 22. Rab1 Qc3 23. Qe4 Qc6 24. Qe2 Qd5 25. f5 e5 26. Rb6 Rc6 27. Rxb7
O-O 28. Qg4+ Kh8 29. Rf3 Rc3 30. Rxc3 dxc3 31. Rc7 e4 32. Qh3 Qd3 33. Qh6 Bg7
34. Qf4 Qd8 35. Rc6 Qd5 36. f6 Qxc6 37. Bd4 Bh6 38. Qxh6 Rg8 0-1

[Event "II Torneo C.V.A. A"]
[Site "Arvier ITA"]
[Date "2005.04.20"]
[Round "4"]
[White "Garcia Palermo, Carlos Horacio"]
[Black "Vocaturo, Daniele"]
[Result "1/2-1/2"]
[WhiteElo "2459"]
[BlackElo "2303"]
[PlyCount "139"]
[EventDate "2005.04.18"]

1. d4 Nf6 2. Nf3 g6 3. c3 Bg7 4. Bg5 O-O 5. Nbd2 d6 6. e4 c5 7. d5 Na6 8. Bc4
Nc7 9. a4 b6 10. O-O a6 11. Re1 Bd7 12. Bf1 b5 13. a5 e5 14. b4 h6 15. Bxf6
Qxf6 16. c4 cxb4 17. Qb3 g5 18. g3 Rab8 19. Rac1 Rfc8 20. cxb5 Nxb5 21. Nc4 Nc3
22. Nfd2 Na4 23. Ra1 Nc5 24. Qb2 Na4 25. Qb3 Nc5 26. Qd1 Bb5 27. Nb6 Rf8 28.
Bxb5 axb5 29. Qe2 Qe7 30. g4 Qe8 31. Reb1 Nd7 32. Rxb4 Nxb6 33. axb6 Rxb6 34.
Nc4 Rb8 35. Na5 Qd7 36. Nc6 Rb7 37. h3 h5 38. Rxb5 hxg4 39. Rxb7 Qxb7 40. hxg4
Bf6 41. Kg2 Kg7 42. Rh1 Qb3 43. Rh3 Qb1 44. Qf3 Ra8 45. Rh6 Kxh6 46. Qxf6+ Kh7
47. Qxf7+ Kh8 48. Qh5+ Kg7 49. Qxg5+ Kh7 50. Qe7+ Kg8 51. Qg5+ Kh7 52. Qf5+ Kg7
53. Nxe5 dxe5 54. Qxe5+ Kh7 55. Qe7+ Kh8 56. d6 Qd1 57. Qf6+ Kh7 58. Qf5+ Kg7
59. Qg5+ Kh7 60. Qe7+ Kh8 61. Qf6+ Kh7 62. Qf7+ Kh8 63. Qh5+ Kg7 64. Qg5+ Kh7
65. Qf5+ Kg7 66. e5 Rf8 67. Qg5+ Kh7 68. Qh5+ Kg7 69. Qg5+ Kh7 70. Qh5+ 1/2-1/2

[Event "II Torneo C.V.A. A"]
[Site "Arvier ITA"]
[Date "2005.04.20"]
[Round "4"]
[White "Hansen, Henrik Damgaard"]
[Black "Cavatorta, Fosco"]
[Result "0-1"]
[WhiteElo "1909"]
[BlackElo "1997"]
[PlyCount "80"]
[EventDate "2005.04.18"]

1. d4 d6 2. c4 e5 3. dxe5 dxe5 4. Qxd8+ Kxd8 5. Bd2 Be6 6. e3 Nd7 7. Bc3 f6 8.
Nd2 c6 9. Ngf3 Nc5 10. O-O-O Kc7 11. b3 Nh6 12. h3 Nf7 13. Be2 Nd6 14. Rhf1 Be7
15. Ba1 Rhd8 16. Ne1 Bf5 17. b4 Na4 18. c5 Ne4 19. Nxe4 Bxe4 20. f3 Bg6 21. Nc2
b6 22. cxb6+ Nxb6 23. a3 a5 24. Rxd8 Kxd8 25. Rd1+ Kc7 26. b5 Bxc2 27. Kxc2
Bxa3 28. e4 c5 29. Bc3 Bb4 30. Ra1 Bxc3 31. Kxc3 a4 32. Bd1 Rd8 33. Bxa4 Ra8
34. Kb3 Rxa4 35. Rxa4 Nxa4 36. Kxa4 Kb6 37. g3 g6 38. f4 g5 39. f5 h5 40. g4 h4
0-1